00466 a2200121 4500020001500000082001700015100002200032245007700054260010400131300003300235650004900268650002700317 a0340807636 a5193.535 SHA aShaw, Peter J. A. aMultivariate statistics for the environmental sciencescPeter J.A. Shaw. aLondon :bArnold ;aNew York :bDistributed in the United States by Oxford University Press,c2003. aix, 233 p. :bill. ;c24 cm. aEnvironmental sciencesxStatistical methods. aMultivariate analysis.